000 00515cam a2200193ua 4500
020 _a81-224-0493-6
_c300.00
041 _aeng
_h
082 _a530.12
_bDUT/DI
100 _aDutt, Ranabir .
245 _aDirac and Feynman: Pioneers in quantum mechanics /
_cRanabir Dutt.
_hTextual Documents
260 _aNew Delhi :
_bWiley Eastern Ltd ,
_c1993.
300 _a214 ; .
365 _a300.00
500 _a20323 - CSS
504 _a
700 1 _aray , Asim K .
942 _cBK
999 _c7063
_d7063